Clubs de SüperLig - Statistiques

Statistiques générales
  • Ce quiz a été pris 34 fois
  • Le résultat moyen est 12 sur 18
Statistiques - réponses
Par images Réponse % Correct
Fenerbahçe
100%
Galatasaray
100%
Besiktas
93%
Trabzonspor
80%
Başakşehir
67%
Antalyaspor
63%
Gaziantep
63%
Göztepe
63%
Kayserispor
63%
Konyaspor
63%
Alanyaspor
60%
Rizespor
60%
Samsunspor
60%
Kasımpaşa
57%
Eyüpspor
53%
Karagümrük
50%
Kocaelispor
40%
Gençlerbirliği
37%
Aucun quiz correspondant
Distribution des résultats
% des personnes avec chaque résultat
Percentile par nombre de réponses
Votre historique - résultats
Vous n’avez pas pris ce quiz